[Event "XX Miedzynarodowy Festiwal Szachowy w P"]
[Site "Poznan"]
[Date "2011.08.10"]
[Round "5.1"]
[White "Szelag, Marcin"]
[Black "Chojnacki, Krzysztof"]
[Result "1/2-1/2"]
[WhiteElo "2478"]
[BlackElo "2437"]
[PlyCount "98"]
[EventDate "2011.08.07"]
[EventType "swiss"]
[EventRounds "9"]
[EventCountry "POL"]

1. e4 e5 2. Nf3 Nc6 3. Bb5 a6 4. Ba4 Nf6 5. O-O Be7 6. Re1 b5 7. Bb3 d6 8. c3
O-O 9. h3 Nb8 10. d4 Nbd7 11. Nbd2 Bb7 12. Bc2 Re8 13. Nf1 Bf8 14. Ng3 g6 15.
a4 Bg7 16. Bd3 c6 17. Be3 Qe7 18. Qd2 Qf8 19. b4 Rad8 20. axb5 cxb5 21. d5 Rc8
22. Rec1 Nxd5 23. exd5 f5 24. Ng5 f4 25. Ne6 fxe3 26. Qxe3 Qe7 27. Ne4 Bh8 28.
c4 bxc4 29. Bxc4 Rxc4 30. Rxc4 Bxd5 31. Nc7 Bxc4 32. Nxe8 Qxe8 33. Nxd6 Qe6 34.
Nxc4 Qxc4 35. Qa7 Nf8 36. Qc5 Qe6 37. Rd1 Bg7 38. Rd6 Qa2 39. g3 e4 40. Kg2 Bh6
41. Qa5 Qb3 42. Qd5+ Qxd5 43. Rxd5 Ne6 44. Rd6 Nc7 45. Rc6 Nd5 46. Rxa6 Nxb4
47. Re6 Nd5 48. Rxe4 Kf7 49. f4 Bf8 1/2-1/2

[Event "XX Miedzynarodowy Festiwal Szachowy w P"]
[Site "Poznan"]
[Date "2011.08.10"]
[Round "5.3"]
[White "Korbal, Arkadiusz"]
[Black "Musialkiewicz, Jan"]
[Result "0-1"]
[WhiteElo "2052"]
[BlackElo "2150"]
[PlyCount "84"]
[EventDate "2011.08.07"]
[EventType "swiss"]
[EventRounds "9"]
[EventCountry "POL"]

1. d4 c5 2. d5 f5 3. Nf3 Nf6 4. g3 d6 5. Bg2 g6 6. O-O Bg7 7. c4 O-O 8. Nc3 Na6
9. e4 Nxe4 10. Nxe4 fxe4 11. Ng5 Nc7 12. Bxe4 Bf5 13. Qe2 Qd7 14. Bd2 Rae8 15.
Rae1 b5 16. Ba5 bxc4 17. Bxc7 Qxc7 18. Bxf5 Rxf5 19. Qe6+ Kh8 20. Nf7+ Rxf7 21.
Qxf7 Rf8 22. Qe6 Bxb2 23. Qe2 c3 24. Qc4 Qb7 25. Re4 a6 26. a4 Rb8 27. Rh4 Rf8
28. Re1 Rf5 29. Qe4 Re5 30. Qf3 Rxe1+ 31. Kg2 Qa8 32. Qf7 h5 33. Rxh5+ gxh5 34.
Qxh5+ Kg7 35. Qg5+ Kf8 36. Qh6+ Ke8 37. Qh8+ Kf7 38. Qh5+ Kf6 39. g4 Qg8 40. f4
Kg7 41. Kf2 Qh7 42. Qg5+ Qg6 0-1

[Event "XX Miedzynarodowy Festiwal Szachowy w P"]
[Site "Poznan"]
[Date "2011.08.10"]
[Round "5.4"]
[White "Gajdamowicz, Patrick"]
[Black "Przybylski, Wojciech"]
[Result "0-1"]
[WhiteElo "1903"]
[BlackElo "2356"]
[PlyCount "110"]
[EventDate "2011.08.07"]
[EventType "swiss"]
[EventRounds "9"]
[EventCountry "POL"]

1. d4 Nf6 2. Nf3 e6 3. g3 c5 4. c4 cxd4 5. Nxd4 Nc6 6. Nxc6 bxc6 7. Bg2 Bb4+ 8.
Nc3 O-O 9. O-O Ba6 10. Qb3 Qa5 11. Ne4 Nxe4 12. Bxe4 d5 13. Bd3 f5 14. a3 Be7
15. Qc2 c5 16. Bd2 Qd8 17. Rfd1 d4 18. e4 g6 19. f4 Qb6 20. b4 cxb4 21. exf5 b3
22. Qb2 gxf5 23. Bb4 Bc5 24. Bxc5 Qxc5 25. Qxb3 Qc6 26. Rab1 Rf7 27. Bf1 Rd8
28. Bg2 Qc5 29. Qb4 Rc7 30. Qxc5 Rxc5 31. Bf1 Bxc4 32. Rbc1 Bb3 33. Rxd4 Rxd4
34. Rxc5 Ra4 35. Rc6 Rxa3 36. Ra6 Rxa6 37. Bxa6 Kf7 38. Kf2 Ke7 39. Ke3 Kd6 40.
Kd4 Bd5 41. h3 Bg2 42. h4 Bd5 43. Bb5 a5 44. Be2 a4 45. g4 a3 46. Kc3 a2 47.
Kb2 fxg4 48. Bxg4 Ke7 49. h5 Kf6 50. Ka1 h6 51. Kb2 Ke7 52. Ka1 Kd6 53. Kb2 Bc4
54. f5 e5 55. f6 e4 0-1

[Event "XX Miedzynarodowy Festiwal Szachowy w P"]
[Site "Poznan"]
[Date "2011.08.10"]
[Round "5.6"]
[White "Grabianowski, Krystian"]
[Black "Musialkiewicz, Pawel"]
[Result "0-1"]
[WhiteElo "1860"]
[BlackElo "1961"]
[PlyCount "60"]
[EventDate "2011.08.07"]
[EventType "swiss"]
[EventRounds "9"]
[EventCountry "POL"]

1. e4 c5 2. Nf3 d6 3. d4 cxd4 4. Nxd4 Nf6 5. Nc3 a6 6. Be2 e5 7. Nb3 Be7 8. Be3
Be6 9. O-O O-O 10. f4 exf4 11. Rxf4 Nc6 12. Nd5 Bxd5 13. exd5 Ne5 14. Rb4 Qd7
15. a4 Bd8 16. a5 Re8 17. Bf2 Rc8 18. c3 Ng6 19. Raa4 Qe7 20. Bf3 Ne5 21. Nc1
Rc7 22. Nd3 Nfd7 23. Nxe5 Nxe5 24. Bg4 Nxg4 25. Qxg4 Qg5 26. Re4 Qc1+ 27. Be1
Rce7 28. Qd7 f5 29. Qxf5 Rf8 30. Qg4 Qxe1+ 0-1

[Event "XX Miedzynarodowy Festiwal Szachowy w P"]
[Site "Poznan"]
[Date "2011.08.10"]
[Round "5.7"]
[White "Sapikowski, Franciszek"]
[Black "Magnucka, Arleta"]
[Result "1/2-1/2"]
[WhiteElo "1524"]
[BlackElo "1924"]
[PlyCount "104"]
[EventDate "2011.08.07"]
[EventType "swiss"]
[EventRounds "9"]
[EventCountry "POL"]

1. f4 g6 2. Nf3 Bg7 3. e3 d6 4. Be2 c5 5. O-O Nc6 6. c4 Nf6 7. Nc3 O-O 8. Qc2
a6 9. b3 Rb8 10. Rb1 Bf5 11. d3 b5 12. Nh4 Bg4 13. Bxg4 Nxg4 14. h3 Nb4 15. Qe2
Nxe3 16. Bxe3 Bxc3 17. f5 e6 18. Qg4 exf5 19. Nxf5 Be5 20. Nh6+ Kg7 21. Nf5+
Kh8 22. Nh6 f5 23. Qe2 Qh4 24. Bxc5 Bd4+ 25. Bxd4+ Qxd4+ 26. Kh1 Qg7 27. Qd2
Nc6 28. g4 f4 29. g5 Qe5 30. Rbe1 Qxg5 31. Ng4 h5 32. Nh2 Ne5 33. Nf3 Nxf3 34.
Rxf3 Rf7 35. Rg1 Qf5 36. Rgf1 g5 37. h4 Rbf8 38. Kh2 gxh4 39. Qc3+ Qe5 40.
Qxe5+ dxe5 41. Kh3 Rf5 42. Kxh4 Rg8 43. R1f2 Rg1 44. Kh3 Rfg5 45. d4 exd4 46.
Rxf4 R1g3+ 47. Kh4 bxc4 48. bxc4 d3 49. Rf8+ Kh7 50. R8f7+ Rg7 51. Rxg7+ Rxg7
52. Rd2 Rg4+ 1/2-1/2

[Event "XX Miedzynarodowy Festiwal Szachowy w P"]
[Site "Poznan"]
[Date "2011.08.10"]
[Round "5.8"]
[White "Wesolowska, Katarzyna"]
[Black "Duszczak, Dariusz"]
[Result "1/2-1/2"]
[WhiteElo "1739"]
[BlackElo "2041"]
[PlyCount "115"]
[EventDate "2011.08.07"]
[EventType "swiss"]
[EventRounds "9"]
[EventCountry "POL"]

1. e4 c6 2. d4 d5 3. exd5 cxd5 4. Bd3 Nc6 5. c3 Nf6 6. Ne2 g6 7. Ng3 Bg7 8. O-O
O-O 9. Bf4 Re8 10. Re1 e5 11. dxe5 Ng4 12. Nd2 Qb6 13. Re2 Ngxe5 14. Nf3 Bg4
15. Rc2 Bxf3 16. gxf3 Rad8 17. Bxe5 Nxe5 18. f4 Nxd3 19. Qxd3 d4 20. Qf3 d3 21.
Rd2 Bh6 22. Rad1 Qc7 23. Rxd3 Rxd3 24. Qxd3 Bxf4 25. Kg2 Qe5 26. Qd4 Bxg3 27.
hxg3 Qxd4 28. Rxd4 Re2 29. Rb4 b6 30. a3 f5 31. b3 h5 32. Kf3 Rc2 33. Rc4 Kf7
34. a4 Kf6 35. Ke3 g5 36. b4 Ke5 37. a5 f4+ 38. gxf4+ gxf4+ 39. Kf3 h4 40. Re4+
Kd5 41. Rd4+ Kc6 42. Rxf4 Rxc3+ 43. Kg2 h3+ 44. Kh2 Kb5 45. axb6 axb6 46. f3
Rc4 47. Rxc4 Kxc4 48. Kxh3 Kxb4 49. Kg4 Kc5 50. Kg5 b5 51. f4 b4 52. f5 b3 53.
f6 Kd6 54. Kh6 Ke6 55. Kg7 b2 56. f7 b1=Q 57. f8=Q Qg1+ 58. Kh7 1/2-1/2

[Event "XX Miedzynarodowy Festiwal Szachowy w P"]
[Site "Poznan"]
[Date "2011.08.10"]
[Round "5.9"]
[White "Bajerlein, Dawid"]
[Black "Glatty, Zbigniew"]
[Result "1-0"]
[WhiteElo "2016"]
[BlackElo "1950"]
[PlyCount "127"]
[EventDate "2011.08.07"]
[EventType "swiss"]
[EventRounds "9"]
[EventCountry "POL"]

1. c4 Nf6 2. d4 e6 3. Nf3 d5 4. Bg5 Be7 5. e3 O-O 6. Nc3 h6 7. Bh4 Ne4 8. Bxe7
Qxe7 9. cxd5 Nxc3 10. bxc3 exd5 11. Qb3 Rd8 12. c4 dxc4 13. Bxc4 Nc6 14. Be2
Rd6 15. Rd1 Bf5 16. O-O Be4 17. Nd2 Bd5 18. Qa4 Nxd4 19. Qxd4 Bxg2 20. Qxd6
Qxd6 21. Kxg2 b5 22. Bf3 Rb8 23. Nb3 Qg6+ 24. Kh1 c5 25. Nxc5 Qf5 26. Bd5 Rd8
27. Be4 Qc8 28. Rxd8+ Qxd8 29. Nb3 g6 30. Nd4 a6 31. Bf3 Qa5 32. Bd5 Qd2 33.
Kg2 a5 34. Bb3 a4 35. Bc2 Qa5 36. Rb1 b4 37. Be4 f5 38. Bf3 Qc5 39. Nc6 b3 40.
axb3 Qc2 41. Rd1 axb3 42. Nd4 Qc3 43. Nxb3 Kg7 44. Rd7+ Kf6 45. Nd4 h5 46. h4
Qb4 47. Rb7 Qa5 48. Ne2 g5 49. hxg5+ Kxg5 50. Rh7 Kg6 51. Rxh5 Qd8 52. Nd4 f4
53. Ne6 Qb8 54. Nxf4+ Kf6 55. Ne2 Qg8+ 56. Ng3 Qa2 57. e4 Qd2 58. e5+ Ke6 59.
Bg4+ Ke7 60. e6 Qc2 61. Nf5+ Kf6 62. e7 Qe4+ 63. Bf3 Qe5 64. Rh8 1-0

[Event "XX Miedzynarodowy Festiwal Szachowy w P"]
[Site "Poznan"]
[Date "2011.08.10"]
[Round "5.10"]
[White "Ancuta, Adam"]
[Black "Dzwikowski, Adam"]
[Result "1-0"]
[WhiteElo "1866"]
[BlackElo "2013"]
[PlyCount "77"]
[EventDate "2011.08.07"]
[EventType "swiss"]
[EventRounds "9"]
[EventCountry "POL"]

1. e4 Nf6 2. e5 Nd5 3. c4 Nb6 4. d4 d6 5. f4 dxe5 6. fxe5 Nc6 7. Be3 Bf5 8. Nc3
e6 9. Nf3 Qd7 10. Be2 O-O-O 11. O-O Bg4 12. c5 Nd5 13. Nxd5 Qxd5 14. Ng5 Bxe2
15. Qxe2 Nxd4 16. Bxd4 Qxd4+ 17. Kh1 Rd5 18. Rad1 Qxc5 19. Rxd5 exd5 20. Nxf7
Rg8 21. Qh5 Be7 22. Qxh7 Rf8 23. Qxg7 Kb8 24. h3 d4 25. Rf3 d3 26. Kh2 Qc4 27.
Nd6 Rxf3 28. Qxe7 Qg8 29. gxf3 d2 30. Ne8 Qg1+ 31. Kxg1 d1=Q+ 32. Kg2 Qc2+ 33.
Kg3 Qg6+ 34. Kf4 Qh6+ 35. Qg5 Qf8+ 36. Nf6 Qb4+ 37. Ne4 b6 38. Qd8+ Kb7 39. e6
1-0

[Event "XX Miedzynarodowy Festiwal Szachowy w P"]
[Site "Poznan"]
[Date "2011.08.10"]
[Round "5.12"]
[White "Kaluzny, Wlodzimierz"]
[Black "Sklepinski, Artur"]
[Result "0-1"]
[WhiteElo "2114"]
[BlackElo "1751"]
[PlyCount "138"]
[EventDate "2011.08.07"]
[EventType "swiss"]
[EventRounds "9"]
[EventCountry "POL"]

1. d4 Nf6 2. Nf3 g6 3. Bf4 Bg7 4. e3 d6 5. h3 O-O 6. Bc4 Nbd7 7. O-O a6 8. a4
b6 9. Nbd2 Bb7 10. c3 c5 11. Qb3 Qc7 12. Bh2 Rab8 13. Rac1 Bc8 14. Ng5 b5 15.
axb5 axb5 16. Bxf7+ Kh8 17. Be6 c4 18. Qc2 Nb6 19. Bxc8 Qxc8 20. e4 h6 21. Ngf3
Kh7 22. e5 Ne8 23. Nh4 Qe6 24. exd6 Nxd6 25. Rce1 Qf6 26. Nhf3 Ra8 27. Ne5 Nf5
28. Ne4 Qe6 29. Nc5 Qd5 30. Re4 b4 31. Rg4 b3 32. Qe2 Bxe5 33. Bxe5 Ra2 34. Re4
Rf7 35. Re1 Ra7 36. Bh2 Nd6 37. Re5 Qc6 38. Ne6 Qc8 39. h4 Nd7 40. Re3 Nf5 41.
Rh3 Nf6 42. g4 Nd6 43. Re3 Qa8 44. Re5 Ra1 45. g5 Rxe1+ 46. Qxe1 Ng4 47. Bg3
Nxe5 48. Bxe5 Nf5 49. gxh6 Nxh4 50. Ng5+ Kg8 51. f3 Nxf3+ 52. Nxf3 Qxf3 53. Bg3
Kh7 54. Kh2 Qh5+ 55. Kg2 Kxh6 56. Qe4 g5 57. d5 Qg6 58. Qxc4 Qc2+ 59. Kh3 Qf5+
60. Kg2 Qf3+ 61. Kh2 Qh5+ 62. Kg2 Qf3+ 63. Kh2 Kg6 64. Qc6+ Kh5 65. Qe8 Qe2+
66. Kg1 Qf1+ 67. Kh2 Kg4 68. Qc8+ Kf3 69. Qh3 Rh7 0-1

[Event "XX Miedzynarodowy Festiwal Szachowy w P"]
[Site "Poznan"]
[Date "2011.08.10"]
[Round "5.13"]
[White "Szymanski, Leszek"]
[Black "Magnucka, Milena"]
[Result "1/2-1/2"]
[WhiteElo "1840"]
[BlackElo "2074"]
[PlyCount "116"]
[EventDate "2011.08.07"]
[EventType "swiss"]
[EventRounds "9"]
[EventCountry "POL"]

1. c4 d6 2. Nc3 g6 3. g3 Bg7 4. Bg2 Nf6 5. e4 O-O 6. Nge2 c5 7. O-O Nc6 8. d3
a6 9. h3 Rb8 10. f4 Bd7 11. a4 Ne8 12. Be3 Nd4 13. Rb1 b5 14. axb5 axb5 15. b3
b4 16. Na2 Qa5 17. Bxd4 cxd4 18. Qd2 Nc7 19. Ra1 Na6 20. Rfd1 Nc5 21. Qb2 Bc6
22. Nac1 Qb6 23. Rd2 Ra8 24. Qb1 Qb7 25. g4 Rxa1 26. Qxa1 f5 27. gxf5 gxf5 28.
Ng3 fxe4 29. dxe4 Nxe4 30. Nxe4 Bxe4 31. Nd3 e5 32. fxe5 Bxe5 33. Qe1 Bxg2 34.
Rxg2+ Bg7 35. Qe6+ Qf7 36. Nf4 Kh8 37. Qxf7 Rxf7 38. Nd3 Rf3 39. Nxb4 Rxb3 40.
Nc6 Rxh3 41. Re2 h5 42. Re6 Rc3 43. Na5 Be5 44. Rh6+ Kg7 45. Rxh5 Re3 46. Rg5+
Kf6 47. Rg2 Rg3 48. Rxg3 Bxg3 49. Kg2 Be1 50. Nb3 Bc3 51. Nc1 Ke6 52. Kf3 Kd7
53. Ke4 Kc6 54. Nd3 Ba1 55. Kf3 Kb6 56. Ke4 Kc6 57. Kf3 Kd7 58. Kf4 Ke6 1/2-1/2

[Event "XX Miedzynarodowy Festiwal Szachowy w P"]
[Site "Poznan"]
[Date "2011.08.10"]
[Round "5.14"]
[White "Kowalewicz, Kacper"]
[Black "Nawrocki, Przemyslaw"]
[Result "0-1"]
[WhiteElo "1667"]
[BlackElo "2059"]
[PlyCount "66"]
[EventDate "2011.08.07"]
[EventType "swiss"]
[EventRounds "9"]
[EventCountry "POL"]

1. Nf3 Nf6 2. g3 g6 3. Bg2 Bg7 4. d3 d5 5. Nbd2 Nc6 6. O-O O-O 7. Re1 e5 8. e4
dxe4 9. Nxe4 Nxe4 10. Rxe4 Be6 11. Ng5 Bd5 12. Re1 Bxg2 13. Kxg2 Qd5+ 14. f3
Rad8 15. Bd2 b5 16. a3 Ne7 17. a4 a6 18. Bc3 c5 19. axb5 axb5 20. Ba5 Rb8 21.
Qe2 b4 22. Qe4 Rbc8 23. c3 h6 24. Nh3 f5 25. Qc4 Kh7 26. cxb4 cxb4 27. Qxb4
Rc2+ 28. Nf2 Nc6 29. Qa4 Nd4 30. Re3 f4 31. Re4 fxg3 32. hxg3 Rxf3 33. Qxc2
Nxc2 0-1

[Event "XX Miedzynarodowy Festiwal Szachowy w P"]
[Site "Poznan"]
[Date "2011.08.10"]
[Round "5.15"]
[White "Niekras, Dawid"]
[Black "Wesolowski, Edgar"]
[Result "0-1"]
[WhiteElo "1797"]
[BlackElo "1983"]
[PlyCount "100"]
[EventDate "2011.08.07"]
[EventType "swiss"]
[EventRounds "9"]
[EventCountry "POL"]

1. e4 c5 2. Nf3 d6 3. d4 cxd4 4. Nxd4 Nf6 5. Nc3 g6 6. Be3 Bg7 7. f3 Nc6 8. Qd2
O-O 9. Bc4 Bd7 10. O-O-O Rc8 11. Bb3 Nxd4 12. Bxd4 b5 13. g4 a5 14. a3 b4 15.
axb4 axb4 16. Nb1 Qa5 17. h4 h5 18. gxh5 Qxh5 19. Qf2 Be6 20. Nd2 Ra8 21. Bxe6
Ra1+ 22. Nb1 fxe6 23. Qe2 Bh6+ 24. Be3 Nxe4 25. Rhg1 Kh7 26. Rdf1 Rc8 27. Bxh6
Qxh6+ 28. f4 b3 29. Qxe4 Rxc2+ 30. Qxc2 bxc2 31. Kxc2 Qh5 32. Nc3 Rxf1 33. Rxf1
Qxh4 34. b4 e5 35. fxe5 Qh2+ 36. Kb3 Qxe5 37. Rb1 d5 38. Kc2 d4 39. Nd1 d3+ 40.
Kb3 Qd5+ 41. Ka3 e5 42. b5 e4 43. b6 Qa5+ 44. Kb2 Qxb6+ 45. Kc1 Qc5+ 46. Kb2 e3
47. Rc1 e2 48. Nc3 d2 49. Rh1+ Kg7 50. Nxe2 Qb5+ 0-1

[Event "XX Miedzynarodowy Festiwal Szachowy w P"]
[Site "Poznan"]
[Date "2011.08.10"]
[Round "5.16"]
[White "Kowalczuk, Mikolaj"]
[Black "Opolski, Wojciech"]
[Result "1-0"]
[WhiteElo "1932"]
[BlackElo "1713"]
[PlyCount "39"]
[EventDate "2011.08.07"]
[EventType "swiss"]
[EventRounds "9"]
[EventCountry "POL"]

1. d4 d5 2. c4 e6 3. Nc3 Nf6 4. Bg5 Be7 5. e3 Nbd7 6. cxd5 Nxd5 7. Bxe7 Nxe7 8.
Bd3 O-O 9. Nf3 Ng6 10. h4 h6 11. Bc2 f5 12. Qd3 Nf6 13. h5 Ne7 14. Ne5 Nc6 15.
Nxc6 bxc6 16. Qc4 Qe8 17. Bxf5 Nxh5 18. Bc2 Qf7 19. O-O-O e5 20. Qxf7+ 1-0

[Event "XX Miedzynarodowy Festiwal Szachowy w P"]
[Site "Poznan"]
[Date "2011.08.10"]
[Round "5.17"]
[White "Chojnacki, Tomasz"]
[Black "Kaluzny, Tomasz"]
[Result "1-0"]
[WhiteElo "1874"]
[BlackElo "1635"]
[PlyCount "179"]
[EventDate "2011.08.07"]
[EventType "swiss"]
[EventRounds "9"]
[EventCountry "POL"]

1. e4 c5 2. Nf3 Nc6 3. d4 cxd4 4. Nxd4 Nf6 5. Nc3 d6 6. Bc4 e6 7. Be3 Be7 8.
Qe2 O-O 9. O-O-O a6 10. Bb3 Qc7 11. Rhg1 b5 12. g4 Na5 13. g5 Nxb3+ 14. axb3
Nd7 15. Qh5 b4 16. Rg3 Re8 17. Nxe6 Qa5 18. Rh3 h6 19. Nd5 Ne5 20. Bb6 Qa1+ 21.
Kd2 Qxb2 22. Bd4 Bxg5+ 23. f4 Qa3 24. fxg5 Bxe6 25. Ra1 Nc4+ 26. Ke1 Bxh3 27.
Qxh3 Rxe4+ 28. Kf2 Rxd4 29. Rxa3 Nxa3 30. gxh6 gxh6 31. Qg3+ Kh8 32. Qxd6 Rd2+
33. Ke1 Rxd5 34. Qxd5 Re8+ 35. Kd2 Nb1+ 36. Kd3 Nc3 37. Qd4+ Kh7 38. Qxb4 Nb5
39. Qh4 Re6 40. c4 Nd6 41. Qf4 Kg7 42. b4 Kg6 43. c5 Nb5 44. h4 Kg7 45. Qg3+
Rg6 46. Qe5+ Kg8 47. Qe8+ Kg7 48. Qe5+ Kg8 49. h5 Re6 50. Qb8+ Kg7 51. Qg3+ Kf8
52. Qb8+ Kg7 53. Qc8 Rf6 54. c6 Rd6+ 55. Ke3 Re6+ 56. Kf4 Na7 57. Qxa6 Nxc6 58.
b5 Rf6+ 59. Ke3 Re6+ 60. Kd2 Ne7 61. Qa1+ Kg8 62. Qg1+ Kf8 63. b6 Rd6+ 64. Kc2
Rd7 65. Qe3 Kg7 66. Qe5+ f6 67. Qg3+ Kf7 68. Qb3+ Kg7 69. b7 Nc6 70. Qg3+ Kf8
71. b8=Q+ Nxb8 72. Qxb8+ Ke7 73. Qh8 Rc7+ 74. Kd3 Rd7+ 75. Ke4 f5+ 76. Kxf5 Rd6
77. Qg7+ Kd8 78. Ke5 Rb6 79. Qf8+ Kd7 80. Qf7+ Kd8 81. Kf5 Rd6 82. Qb7 Ke8 83.
Ke5 Rd7 84. Qc8+ Ke7 85. Qc6 Kd8 86. Qxh6 Ke7 87. Qe6+ Kd8 88. Qxd7+ Kxd7 89.
h6 Ke7 90. h7 1-0

[Event "XX Miedzynarodowy Festiwal Szachowy w P"]
[Site "Poznan"]
[Date "2011.08.10"]
[Round "5.18"]
[White "Koper, Konrad"]
[Black "Zakrzewski, Bartosz"]
[Result "0-1"]
[WhiteElo "1650"]
[BlackElo "1475"]
[PlyCount "78"]
[EventDate "2011.08.07"]
[EventType "swiss"]
[EventRounds "9"]
[EventCountry "POL"]

1. e4 e6 2. d4 d5 3. e5 c5 4. c3 Qb6 5. Nf3 Nc6 6. a3 cxd4 7. cxd4 Nge7 8. b4
Nf5 9. Bb2 Bd7 10. Be2 Be7 11. b5 Na5 12. Nc3 O-O 13. O-O Rac8 14. Na4 Qd8 15.
Rc1 Nc4 16. Bxc4 dxc4 17. Nc3 Bg5 18. Nxg5 Qxg5 19. f4 Qg6 20. Qd2 a6 21. bxa6
bxa6 22. Ne4 Bc6 23. Nc5 Nh4 24. g3 Nf3+ 25. Rxf3 Bxf3 26. Rxc4 Rfd8 27. Rc1
Rc6 28. Kf2 Bd5 29. Qa5 Rdc8 30. Qc3 f6 31. exf6 Qxf6 32. Qd2 g5 33. Rg1 Kf7
34. Ke1 gxf4 35. Nd7 Qf5 36. Ne5+ Kf6 37. Nxc6 Rxc6 38. Rf1 Qe4+ 39. Kd1 Bb3+
0-1

[Event "XX Miedzynarodowy Festiwal Szachowy w P"]
[Site "Poznan"]
[Date "2011.08.10"]
[Round "5.19"]
[White "Pawlowski, Rafal"]
[Black "Bednarska-bzdega, Malgorzata"]
[Result "0-1"]
[WhiteElo "1462"]
[BlackElo "2172"]
[PlyCount "56"]
[EventDate "2011.08.07"]
[EventType "swiss"]
[EventRounds "9"]
[EventCountry "POL"]

1. e4 c5 2. f4 d5 3. exd5 Nf6 4. Bb5+ Bd7 5. Bxd7+ Qxd7 6. c4 e6 7. Qe2 Bd6 8.
dxe6 fxe6 9. Nh3 Nc6 10. O-O O-O 11. Na3 Rad8 12. Nc2 Bc7 13. Ng5 Rfe8 14. Rb1
Nd4 15. Nxd4 Qxd4+ 16. Qe3 Qxc4 17. b3 Qd5 18. Bb2 Qxd2 19. Qh3 Qd3 20. Qh4 Qg6
21. Rbe1 Rd2 22. Be5 Bb6 23. g3 h6 24. Nxe6 Rxe6 25. f5 c4+ 26. Kh1 Qe8 27.
Qxc4 Qc6+ 28. Qxc6 Rxc6 0-1

[Event "XX Miedzynarodowy Festiwal Szachowy w P"]
[Site "Poznan"]
[Date "2011.08.10"]
[Round "5.20"]
[White "Szuminski, Marek"]
[Black "Raczynski, Krzysztof"]
[Result "1-0"]
[WhiteElo "2066"]
[BlackElo "1494"]
[PlyCount "111"]
[EventDate "2011.08.07"]
[EventType "swiss"]
[EventRounds "9"]
[EventCountry "POL"]

1. d4 Nf6 2. c4 e6 3. Nc3 Bb4 4. e3 b6 5. Bd3 d5 6. Qa4+ Nc6 7. Qxc6+ Bd7 8.
Qb7 a5 9. cxd5 exd5 10. Be2 c6 11. Nf3 Rb8 12. Qa6 b5 13. Ne5 Qc7 14. a4 O-O
15. axb5 Rb6 16. Qxb6 Qxb6 17. bxc6 Bxc6 18. O-O Bxc3 19. bxc3 Ra8 20. Ba3 Be8
21. c4 Qd8 22. c5 Qc7 23. Rfc1 Nd7 24. Nd3 f6 25. Bf3 Bf7 26. e4 dxe4 27. Bxe4
Re8 28. Bf3 Nf8 29. d5 Rd8 30. d6 Qc8 31. c6 Ne6 32. Bg4 g6 33. Nf4 f5 34. Nd5
Kg7 35. Ne7 Qa8 36. Bd1 Be8 37. c7 Rc8 38. Bf3 Qa6 39. Nxc8 Qxc8 40. Rab1 Bd7
41. Bb7 Qe8 42. c8=Q Bxc8 43. Bxc8 Nf8 44. Rc7+ Kh6 45. Bb2 a4 46. Bf6 a3 47.
Rb3 g5 48. Bxf5 g4 49. Bxg4 Kg6 50. Be7 Qa4 51. Rg3 Kf7 52. Rf3+ Kg6 53. Bf5+
Kg7 54. Bxf8+ Kg8 55. Be6+ Kh8 56. Bh6 1-0

[Event "XX Miedzynarodowy Festiwal Szachowy w P"]
[Site "Poznan"]
[Date "2011.08.10"]
[Round "5.22"]
[White "Wittig, Zenon"]
[Black "Chojnacki, Wojciech"]
[Result "0-1"]
[WhiteElo "1631"]
[BlackElo "1501"]
[PlyCount "97"]
[EventDate "2011.08.07"]
[EventType "swiss"]
[EventRounds "9"]
[EventCountry "POL"]

1. e4 e5 2. Nf3 Nc6 3. Bc4 Bc5 4. Nc3 Nf6 5. d3 O-O 6. Bg5 h6 7. Bh4 Re8 8. Nd5
Be7 9. Nxe7+ Qxe7 10. a3 d6 11. h3 a6 12. Qd2 Be6 13. Bxe6 fxe6 14. O-O Rf8 15.
Nh2 Rf7 16. Qe3 Nd4 17. Bxf6 Qxf6 18. Rac1 Raf8 19. c3 Nb3 20. Rc2 d5 21. exd5
exd5 22. Ng4 Qf5 23. Re2 d4 24. Qxe5 Qxd3 25. cxd4 Nxd4 26. Re3 Qd2 27. Re4 Nc6
28. Qg3 h5 29. Ne5 Nxe5 30. Rxe5 Qxb2 31. Rxh5 Qd4 32. Rg5 c5 33. Rg4 Qd2 34.
Qb3 Re8 35. f3 b5 36. Rg6 c4 37. Qb4 Qxb4 38. axb4 Rf6 39. Rg5 Rc6 40. Rc1 Rd8
41. Kf1 Rd2 42. Re5 Rb2 43. Rc5 Rd6 44. Rc8+ Kh7 45. Ra1 Rxb4 46. Ra8 c3 47.
R8xa6 Rxa6 48. Rxa6 c2 49. Rc6 0-1

[Event "XX Miedzynarodowy Festiwal Szachowy w P"]
[Site "Poznan"]
[Date "2011.08.10"]
[Round "5.27"]
[White "Ratajczak, Mateusz"]
[Black "Slavov, Wiktor"]
[Result "0-1"]
[WhiteElo "1522"]
[BlackElo "1559"]
[PlyCount "51"]
[EventDate "2011.08.07"]
[EventType "swiss"]
[EventRounds "9"]
[EventCountry "POL"]

1. e4 e5 2. Nf3 Nc6 3. d4 exd4 4. Bc4 Nf6 5. O-O d6 6. c3 d3 7. Re1 Be7 8. e5
dxe5 9. Nxe5 Nxe5 10. Rxe5 O-O 11. Bxd3 Bd6 12. Re3 Ng4 13. Rh3 Bf5 14. g3 Nxf2
15. Bxf5 Nxh3+ 16. Kg2 Ng5 17. Qh5 g6 18. Bxg6 fxg6 19. Qxg5 Qxg5 20. Bxg5 Bc5
21. Nd2 Rf2+ 22. Kh3 Re8 23. Rd1 Re5 24. Bf4 Rd5 25. Ne4 Rxd1 26. Nxf2 0-1